| 000 | 01678cam a22004577a 4500 | ||
|---|---|---|---|
| 001 | 000092844 | ||
| 003 | CHAP | ||
| 005 | 20220329142907.0 | ||
| 008 | 050118d2004 mx r 00110 spa d | ||
| 010 | _a89310 | ||
| 011 | _a90282 | ||
| 035 | _a100838 | ||
| 040 | _cCHAP | ||
| 090 | _aTesis | ||
| 100 | 0 | 0 |
_aDíaz Aguilar, María del Carmen. _933352 |
| 245 | 1 | 0 |
_aDistribuciones teóricas de probabilidad su ajuste a datos de horas brillo sol en Chapingo, México / _c/por María del Carmen Díaz Aguilar. |
| 260 |
_aChapingo, Méx. : _bEl autor, _c2004. |
||
| 300 |
_a77 h. : _bgráfs. |
||
| 502 | _aTesis (Ing. en Irrigación) - - UACH. Departamento de Irrigación | ||
| 590 |
_aALEPH _b10 _c20130110 _lUCH01 _h1502 |
||
| 590 |
_aBATCH-UPD _b10 _c20130110 _lUCH01 _h0209 |
||
| 590 |
_aBATCH-UPD _b10 _c20130110 _lUCH01 _h1705 |
||
| 590 |
_aBATCH-UPD _b10 _c20130409 _lUCH01 _h2224 |
||
| 590 |
_aBATCH-UPD _b10 _c20130410 _lUCH01 _h1052 |
||
| 590 |
_aBATCH-UPD _b10 _c20130914 _lUCH01 _h0348 |
||
| 590 |
_aBATCH-UPD _b10 _c20130914 _lUCH01 _h1952 |
||
| 590 |
_aBATCH-UPD _b10 _c20140324 _lUCH01 _h1447 |
||
| 590 |
_aBATCH-UPD _b10 _c20141002 _lUCH01 _h0824 |
||
| 590 |
_aCONVERSION _b10 _c20130109 _lUCH01 _h1349 |
||
| 590 |
_aE792CSJ _b10 _c20130626 _lUCH01 _h1122 |
||
| 650 | 1 | 4 |
_aAnálisis estadístico. _95984 |
| 650 | 1 | 4 |
_aRadiación solar. _993678 |
| 650 | 1 | 4 |
_aRadiación _xEfecto en plantas. _993674 |
| 856 |
_3Finding aid _uhttp://10.13.5.2/tesis/100838.pdf _zTeclea aquí |
||
| 901 | _aBK | ||
| 905 | _aLilia | ||
| 942 | _cCD | ||
| 942 | _n0 | ||
| 949 |
_aTesis _bBC _cTES _d100838 _eTS1 _h43203 _i100838 _sb |
||
| 949 |
_aTesis _bBC _cTES _d33724000932083 _eTS2 _fc.2 _h43204 _i100838 _si |
||
| 999 |
_c89310 _d89310 |
||